Dynamics of teacher education/ (Record no. 34654)

MARC details
000 -LEADER
fixed length control field 01157nam a22002657a 4500
005 - DATE AND TIME OF LATEST TRANSACTION
control field 20100315094846.0
008 - FIXED-LENGTH DATA ELEMENTS--GENERAL INFORMATION
fixed length control field 100315t xxu||||| |||| 00| 0 eng d
010 ## - LCCN (DPL NO)
LC control number ENG-95882-83
020 ## - INTERNATIONAL STANDARD BOOK NUMBER
International Standard Book Number 9788183161282 (set)
Terms of availability 1500.00 (set of 2 V.)
035 ## - SYSTEM CONTROL NUMBER
System control number EN-79415-16
037 ## - SOURCE OF ACQUISITION
Source of stock number/acquisition DBAD/PUB
040 ## - CATALOGING SOURCE
Original cataloging agency DPL
082 ## - DEWEY DECIMAL CLASSIFICATION NUMBER
Classification number 370.71
100 ## - MAIN ENTRY--PERSONAL NAME
Personal name Mohanty, Jagannath
245 ## - TITLE STATEMENT
Title Dynamics of teacher education/
Statement of responsibility, etc by Jagannath Mohanty
260 ## - PUBLICATION, DISTRIBUTION, ETC. (IMPRINT)
Place of publication, distribution, etc New Delhi
Name of publisher, distributor, etc Neelkamal Publications
Date of publication, distribution, etc 2008
270 ## - ADDRESS
Address BG5/9B, Paschim Vihar,
City New Delhi
Postal code 110063
300 ## - PHYSICAL DESCRIPTION
Extent 2v. (xv, 332p. ; xv, 333-725p.)
Dimensions 23 cm. (Hb)
500 ## - GENERAL NOTE
General note Inclues index
500 ## - GENERAL NOTE
General note It is a set of 2 V. and set price is Rs.1500.00
700 ## - ADDED ENTRY--PERSONAL NAME
Personal name Prakasam, V.
942 ## - ADDED ENTRY ELEMENTS (KOHA)
Source of classification or shelving scheme Dewey Decimal Classification
Item type English Books
Call number suffix MOH
Classification part 370.71
Holdings
Withdrawn status Lost status Source of classification or shelving scheme Materials specified (bound volume or other part) Damaged status Not for loan Collection code Home library Current library Date acquired Source of acquisition Cost, normal purchase price Total Checkouts Full call number Barcode Date last seen Copy number Cost, replacement price Koha item type Public note
    Dewey Decimal Classification V.1   Not For Loan Non-fiction D.B.Act.Division D.B.Act.Division 15/03/2010 DBAD/PUB 1500.00   370.71 MOH EN-79415 15/03/2010 1 1500.00 English Books V.1
    Dewey Decimal Classification V.2   Not For Loan Non-fiction D.B.Act.Division D.B.Act.Division 15/03/2010 DBAD/PUB 1500.00   370.71 MOH EN-79416 15/03/2010 1 1500.00 English Books V.2

© Delhi Public Library
Hit Counter
free hit counter